|
|
|
|
| LEADER |
00798nam a2200229 4500 |
| 001 |
c000375720 |
| 003 |
CARM |
| 005 |
00000000000000.0 |
| 008 |
710507s1971 nyu 00001 eng |
| 019 |
1 |
|
|a 602545
|5 LACONCORD2021
|
| 020 |
|
|
|a 0061265004
|
| 035 |
|
|
|a (OCoLC)136648
|5 LACONCORD2021
|
| 050 |
0 |
0 |
|a PZ4.P8214
|b Wh
|a PS3566.O64
|
| 100 |
1 |
|
|a Poole, Frederick King.
|
| 245 |
1 |
|
|a Where dragons dwell /
|b Frederick King Poole.
|
| 250 |
|
|
|a [1st ed.]
|
| 260 |
|
|
|a New York
|b [Harper's Magazine Press,
|c 1971]
|
| 300 |
|
|
|a 243 p.
|c 22 cm.
|
| 852 |
8 |
|
|b CARM
|h A1:AM28G0
|i B09655
|p 0437797
|f BK
|
| 082 |
0 |
4 |
|a 813/.5/4
|
| 999 |
f |
f |
|i 136936ca-bd04-56f4-90c7-c614a7540e62
|s c43f1f9b-037d-5919-b071-8f10578ce048
|
| 952 |
f |
f |
|p Can circulate
|a CAVAL
|b CAVAL
|c CAVAL
|d CARM 1 Store
|e B09655
|f A1:AM28G0
|h Other scheme
|i book
|m 0437797
|